A comparative evaluation of Prosthetic and biological outcome as influenced by twoo different implant restorative materials (Porcelain fused to metal and monolith Zirconia) (Record no. 23717)
[ view plain ]
| 000 -LEADER | |
|---|---|
| fixed length control field | 00622nam a22001457a 4500 |
| 003 - CONTROL NUMBER IDENTIFIER | |
| control field | SGT |
| 082 ## - DEWEY DECIMAL CLASSIFICATION NUMBER | |
| Classification number | 617.69 |
| Item number | A23M |
| 100 ## - MAIN ENTRY--PERSONAL NAME | |
| Personal name | Malhotra, Taniya |
| 245 ## - TITLE STATEMENT | |
| Title | A comparative evaluation of Prosthetic and biological outcome as influenced by twoo different implant restorative materials (Porcelain fused to metal and monolith Zirconia) |
| Remainder of title | A Prospective, Cross-Arch study |
| 260 ## - PUBLICATION, DISTRIBUTION, ETC. (IMPRINT) | |
| Place of publication, distribution, etc | Gurugram, Haryana |
| Name of publisher, distributor, etc | SGT University |
| Year of Publication | 2023 |
| 300 ## - PAGE DESCRIPTION | |
| No. of Pages | 150 |
| 650 ## - SUBJECT ADDED ENTRY--TOPICAL TERM | |
| Topical term or geographic name as entry element | Prosthodontics, Crown & Bridge and Oral Implantology |
| 653 ## - KEYWORDS--INDEX TERM | |
| Keyword term | Prosthodontics, Crown & Bridge and Oral Implantology; Zirconia; Cross-arch study |
| 942 ## - ADDED ENTRY ELEMENTS (KOHA) | |
| Source of classification or shelving scheme | Dewey Decimal Classification |
| Koha item type | Thesis/Dissertation |
| Withdrawn status | Lost status | Source of classification or shelving scheme | Damaged status | Use restrictions | Not for loan | Home library | Current library | Date acquired | SGTU | Full call number | Accession No. (Barcode) | Date last seen | Bill Date | Koha item type |
|---|---|---|---|---|---|---|---|---|---|---|---|---|---|---|
| Dewey Decimal Classification | Restricted Access | Not For Loan | SGT Dental Library | SGT Dental Library | 23/01/2023 | SGTU | 617.69 A23M | DT1471 | 23/01/2023 | 23/01/2023 | Thesis/Dissertation |